|
|
|
|
| LEADER |
00772pam a22002418a 4500 |
| 001 |
00027097 |
| 005 |
20171026081025.0 |
| 008 |
111003s1988 |||||| sd |
| 020 |
# |
# |
|a 0582558921
|
| 082 |
1 |
4 |
|a 428
|b L431M
|
| 100 |
1 |
# |
|a Alexander, L. G
|
| 245 |
1 |
0 |
|a Longman English grammar
|c L.G. Alexander ; consultant, R.A. Close
|
| 260 |
# |
# |
|a London
|a New York
|b Longman
|c 1988
|
| 300 |
# |
# |
|a x, 374 p.
|c 22 cm.
|
| 500 |
# |
# |
|a Includes index.
|
| 653 |
# |
# |
|a English language
|
| 653 |
# |
# |
|a Textbooks for foreign speakers.
|
| 700 |
1 |
# |
|a Close, R. A.
|
| 852 |
# |
# |
|b Kho giáo trình
|j KGT.0033305
|
| 852 |
# |
# |
|b Kho mượn
|j KGT.0033305
|
| 852 |
# |
# |
|j KGT.0033305
|
| 910 |
|
|
|d 03/10/2011
|
| 980 |
# |
# |
|a Trung tâm Học liệu Lê Vũ Hùng, Trường Đại học Đồng Tháp
|